00480nam a2200169Ia 4500003000900000008004100009040001600050080001500066245007900081260003400160300001600194650001900210650002400229650001500253700002200268700002000290IN-BaIIA211028s9999 xx 000 0 eng d cIIA Library a519.8bZWI 0aNew methods of thought and procedurecedited by F. Zwicky and Wilson A. G. aBerlinbSpringer-Verlagc1967 aviii, 338p. aNASA thesaurus aOperations research aStatistics aWilson, A. G.,ed. aZwicky, F., ed.